[Event "Madrid ch 2009/10 Semifinal A"]
[Site "Madrid ESP"]
[Date "2010.01.13"]
[Round "3.4"]
[White "Iagar, Razvan-Gabriel"]
[Black "Pastor Alonso De Prado, Emilio A"]
[Result "1-0"]
[WhiteElo "1980"]
[BlackElo "2205"]
[PlyCount "93"]
[EventDate "2010.01.11"]
[EventType "swiss"]
[EventRounds "9"]
[EventCountry "ESP"]
[Source "lmi"]
[SourceDate "2010.01.11"]

1. d4 d5 2. c4 e6 3. Nc3 Nf6 4. cxd5 exd5 5. Bg5 Be7 6. e3 Nbd7 7. Nf3 O-O 8.
Qc2 Re8 9. Bd3 c6 10. O-O h6 11. Bh4 Ne4 12. Bxe7 Qxe7 13. Rae1 Nf8 14. Nd2
Nxc3 15. Qxc3 Ne6 16. Nf3 c5 17. dxc5 Nxc5 18. Rc1 b6 19. Bb5 Rd8 20. Bc6 Bb7
21. Bxb7 Qxb7 22. b4 Ne4 23. Qc7 Rd7 24. Qxb7 Rxb7 25. Rfd1 Rd8 26. Nd4 g6 27.
Rc2 Rdd7 28. Nb3 Kg7 29. f3 Nf6 30. Kf2 Rbc7 31. Rdc1 Ne8 32. Rxc7 Nxc7 33. Ke2
Kf6 34. Nd4 Ne6 35. Kd3 Rc7 36. Rxc7 Nxc7 37. Nc6 a6 38. Kd4 Ke6 39. Nd8+ Ke7
40. Nc6+ Kd6 41. Nd8 Ne6+ 42. Nxe6 fxe6 43. f4 g5 44. g3 g4 45. e4 a5 46. exd5
exd5 47. b5 1-0

[Event "Madrid ch 2009/10 Semifinal A"]
[Site "Madrid ESP"]
[Date "2010.01.13"]
[Round "3.5"]
[White "Salcedo Tornero, Pablo"]
[Black "Vazquez Gonzalez, Jesus"]
[Result "0-1"]
[WhiteElo "2201"]
[BlackElo "2050"]
[PlyCount "70"]
[EventDate "2010.01.11"]
[EventType "swiss"]
[EventRounds "9"]
[EventCountry "ESP"]
[Source "lmi"]
[SourceDate "2010.01.11"]

1. e4 Nc6 2. f4 d5 3. e5 d4 4. Bc4 g6 5. Nf3 Bh6 6. d3 Na5 7. c3 dxc3 8. Nxc3
Nxc4 9. Qa4+ c6 10. Qxc4 Be6 11. Qd4 Bf5 12. Ke2 Qxd4 13. Nxd4 Bg4+ 14. Nf3 Rd8
15. Rd1 f6 16. h3 Bxf3+ 17. Kxf3 fxe5 18. fxe5 Bxc1 19. Raxc1 Nh6 20. g4 O-O+
21. Ke3 Nf7 22. d4 Ng5 23. h4 Nf3 24. h5 Nh2 25. Rg1 Rf3+ 26. Ke4 Rf2 27. Ke3
Rdf8 28. Ne2 Nf1+ 29. Kd3 R8f3+ 30. Kc4 Nd2+ 31. Kb4 Rxe2 32. Rge1 Rg2 33. hxg6
hxg6 34. Rcd1 b6 35. b3 Rd3 0-1

[Event "Madrid ch 2009/10 Semifinal A"]
[Site "Madrid ESP"]
[Date "2010.01.13"]
[Round "3.6"]
[White "Ciuro Muñoz, Ricardo"]
[Black "Tipter, Napoleon"]
[Result "1-0"]
[WhiteElo "2138"]
[BlackElo "2052"]
[PlyCount "127"]
[EventDate "2010.01.11"]
[EventType "swiss"]
[EventRounds "9"]
[EventCountry "ESP"]
[Source "lmi"]
[SourceDate "2010.01.11"]

1. e4 c5 2. Nf3 d6 3. Bb5+ Bd7 4. Bxd7+ Qxd7 5. O-O Nc6 6. c3 g6 7. Re1 Bg7 8.
d4 Rd8 9. Be3 Nf6 10. d5 Nb8 11. Bd2 O-O 12. c4 Ng4 13. Bc3 e5 14. dxe6 fxe6
15. h3 Nh6 16. Bxg7 Qxg7 17. Nc3 Nc6 18. Qa4 g5 19. Nh2 a6 20. Rad1 Qe5 21. Qc2
Nd4 22. Qd2 Rf6 23. Re3 Rdf8 24. Rf1 Rg6 25. Ne2 g4 26. Nxg4 Nxg4 27. hxg4 Rxg4
28. f3 Rh4 29. Nxd4 cxd4 30. Re2 Qh2+ 31. Kf2 e5 32. Ke1 Qg3+ 33. Kd1 Rh2 34.
Kc2 Rc8 35. Kd3 b5 36. cxb5 axb5 37. Rg1 Qg6 38. Qb4 Rc5 39. Qb3+ Kg7 40. Rc2
Qg5 41. Re2 Rh3 42. Qe6 Rh6 43. Qb3 Rf6 44. Rf1 Rf7 45. Qe6 Qd8 46. Rh1 Qc7 47.
Rd2 Qe7 48. Qxe7 Rxe7 49. g3 Ra7 50. a3 Rac7 51. f4 b4 52. axb4 Rb5 53. Rdh2
Kg8 54. fxe5 dxe5 55. Rh5 Rxb4 56. Rxe5 Rxb2 57. Kxd4 Rg7 58. Ra5 Rxg3 59. Ra8+
Kg7 60. Ra7+ Kg6 61. Rhxh7 Rd2+ 62. Ke5 Rg5+ 63. Ke6 Re2 64. Rag7# 1-0

[Event "Madrid ch 2009/10 Semifinal A"]
[Site "Madrid ESP"]
[Date "2010.01.13"]
[Round "3.7"]
[White "Coleto Calderon, Jose Antonio"]
[Black "Lopez Heras, Arturo"]
[Result "1-0"]
[WhiteElo "2114"]
[BlackElo "2005"]
[PlyCount "51"]
[EventDate "2010.01.11"]
[EventType "swiss"]
[EventRounds "9"]
[EventCountry "ESP"]
[Source "lmi"]
[SourceDate "2010.01.11"]

1. e4 c5 2. Nf3 d6 3. d4 cxd4 4. Nxd4 Nf6 5. f3 g6 6. c4 Bg7 7. Be3 O-O 8. Nc3
Nc6 9. Qd2 Bd7 10. Be2 a6 11. Rc1 Rc8 12. O-O h5 13. Rfd1 Ne5 14. b3 Kh7 15.
Nd5 Nxd5 16. cxd5 Rxc1 17. Rxc1 Qb8 18. h3 Bc8 19. Qc2 Nd7 20. b4 Re8 21. a4 e6
22. dxe6 fxe6 23. Qc7 Qa7 24. Nf5 Qa8 25. Nxg7 Kxg7 26. Qxd6 1-0

[Event "Madrid ch 2009/10 Semifinal A"]
[Site "Madrid ESP"]
[Date "2010.01.13"]
[Round "3.9"]
[White "Vazquez Gonzalez, Francisco"]
[Black "Martin Rodriguez, Emilio"]
[Result "1/2-1/2"]
[WhiteElo "2088"]
[BlackElo "2113"]
[PlyCount "30"]
[EventDate "2010.01.11"]
[EventType "swiss"]
[EventRounds "9"]
[EventCountry "ESP"]
[Source "lmi"]
[SourceDate "2010.01.11"]

1. e4 e6 2. d4 d5 3. e5 c5 4. c3 Nc6 5. Be3 cxd4 6. cxd4 Nge7 7. Nf3 Nf5 8. Nc3
Be7 9. Qd2 Nxe3 10. fxe3 Bd7 11. Rc1 a6 12. Bd3 b5 13. O-O f5 14. exf6 Bxf6 15.
Bb1 O-O 1/2-1/2

[Event "Madrid ch 2009/10 Semifinal A"]
[Site "Madrid ESP"]
[Date "2010.01.13"]
[Round "3.10"]
[White "Caceres Rodriguez, Jose J"]
[Black "Perez Cameselle, Francisco"]
[Result "0-1"]
[WhiteElo "2010"]
[BlackElo "1944"]
[PlyCount "62"]
[EventDate "2010.01.11"]
[EventType "swiss"]
[EventRounds "9"]
[EventCountry "ESP"]
[Source "lmi"]
[SourceDate "2010.01.11"]

1. Nf3 f5 2. c4 Nf6 3. g3 b6 4. Bg2 Bb7 5. O-O e6 6. Nc3 Be7 7. d3 O-O 8. h3
Qc8 9. Qc2 d6 10. e4 fxe4 11. dxe4 e5 12. Nh4 g6 13. Bh6 Rf7 14. f4 Nh5 15. Qf2
Bxh4 16. gxh4 Nxf4 17. Bxf4 Rxf4 18. Qg3 Rxf1+ 19. Rxf1 Qe6 20. Nd5 Bxd5 21.
cxd5 Qe7 22. h5 Kg7 23. hxg6 hxg6 24. h4 Nd7 25. h5 g5 26. Bh3 Nc5 27. Rf5 Kh8
28. Qf3 g4 29. Bxg4 Rg8 30. Kh2 Qh4+ 31. Qh3 Qxg4 0-1

[Event "Madrid ch 2009/10 Semifinal A"]
[Site "Madrid ESP"]
[Date "2010.01.13"]
[Round "3.11"]
[White "Martin Martin, Luis Vicente"]
[Black "Lorenzo Bailador, Alfredo"]
[Result "1/2-1/2"]
[WhiteElo "2061"]
[BlackElo "2078"]
[PlyCount "28"]
[EventDate "2010.01.11"]
[EventType "swiss"]
[EventRounds "9"]
[EventCountry "ESP"]
[Source "lmi"]
[SourceDate "2010.01.11"]

1. d4 d5 2. Bf4 Bf5 3. Nf3 Nf6 4. e3 e6 5. c4 Bxb1 6. Rxb1 Bb4+ 7. Ke2 dxc4 8.
Qa4+ Nc6 9. Ne5 Nd5 10. Nxc6 Qd7 11. Kf3 Bd6 12. Bxd6 cxd6 13. Bxc4 Nb6 14. Qb5
Nxc4 1/2-1/2

[Event "Madrid ch 2009/10 Semifinal A"]
[Site "Madrid ESP"]
[Date "2010.01.13"]
[Round "3.12"]
[White "Fuentes Arjona, Antonio"]
[Black "Canseco Arenas, Alfonso"]
[Result "1-0"]
[WhiteElo "2041"]
[BlackElo "1826"]
[PlyCount "107"]
[EventDate "2010.01.11"]
[EventType "swiss"]
[EventRounds "9"]
[EventCountry "ESP"]
[Source "lmi"]
[SourceDate "2010.01.11"]

1. c4 Nf6 2. Nf3 g6 3. Nc3 Bg7 4. e4 d6 5. d4 O-O 6. Be2 Nbd7 7. O-O c5 8. h3
cxd4 9. Nxd4 Nc5 10. Bf3 a6 11. Be3 Rb8 12. Rc1 Ne6 13. Qd2 Nxd4 14. Bxd4 b5
15. cxb5 axb5 16. b3 b4 17. Na4 Qa5 18. Qe3 Nd7 19. Rfd1 Bxd4 20. Rxd4 Ne5 21.
Be2 Bd7 22. f4 Nc6 23. Rd5 Qc7 24. e5 Be6 25. Rd2 Rfd8 26. Kh1 Qa7 27. Qe4 d5
28. Qd3 Bf5 29. Qg3 Na5 30. Bd3 Bxd3 31. Qxd3 e6 32. Rdc2 Qa8 33. Rc7 Rdc8 34.
R1c5 Nb7 35. Rc2 Rxc7 36. Rxc7 Nd8 37. Qd4 Qa5 38. Rc5 Qa7 39. Rxd5 Qxd4 40.
Rxd4 Nc6 41. Rd6 Ne7 42. Rb6 Rxb6 43. Nxb6 Kf8 44. Nc4 Nd5 45. g3 Ke7 46. a3
bxa3 47. Nxa3 Kd7 48. Kg2 Kc6 49. Kf3 Kc5 50. Nc2 Nc3 51. Ke3 Na2 52. g4 Nc1
53. Nd4 Kd5 54. b4 1-0

[Event "Madrid ch 2009/10 Semifinal A"]
[Site "Madrid ESP"]
[Date "2010.01.18"]
[Round "4.2"]
[White "Rodriguez Yuste, Marcelo"]
[Black "Iagar, Razvan-Gabriel"]
[Result "1/2-1/2"]
[WhiteElo "2227"]
[BlackElo "1980"]
[PlyCount "104"]
[EventDate "2010.01.11"]
[EventType "swiss"]
[EventRounds "9"]
[EventCountry "ESP"]
[Source "lmi"]
[SourceDate "2010.01.11"]

1. d4 f5 2. f4 g6 3. Nf3 Nf6 4. e3 Bg7 5. Bd3 O-O 6. O-O d5 7. c4 e6 8. b3 b6
9. Ba3 Re8 10. Ne5 Bb7 11. Nc3 Nbd7 12. Rc1 Nxe5 13. fxe5 Ng4 14. Qe2 Bh6 15.
Nd1 Qg5 16. c5 Nxe3 17. Rf3 Nxd1 18. c6 Bc8 19. Rxd1 Bf8 20. Bc1 Qd8 21. g4 Be7
22. Rg3 Rf8 23. Rf1 Qe8 24. Qc2 a5 25. Bh6 Rf7 26. a4 Kh8 27. Qe2 Bf8 28. Bg5
Be7 29. gxf5 Bxg5 30. fxg6 Rxf1+ 31. Qxf1 Qe7 32. gxh7 Ba6 33. Bxa6 Bh4 34. Rf3
Qxh7 35. Bd3 Qh6 36. Kh1 Rg8 37. Rh3 Rf8 38. Rf3 Rg8 39. Qh3 Qg5 40. Rg3 Qc1+
41. Bf1 Qh6 42. Rf3 Qg5 43. Bg2 Qc1+ 44. Rf1 Qh6 45. Rf6 Qc1+ 46. Rf1 Qh6 47.
Qf3 Be7 48. Qf7 Qg6 49. Bh3 Qe4+ 50. Qf3 Qg6 51. Bg2 Rg7 52. h3 Kg8 1/2-1/2

[Event "Madrid ch 2009/10 Semifinal A"]
[Site "Madrid ESP"]
[Date "2010.01.18"]
[Round "4.3"]
[White "Cabañas Jimenez, Andres"]
[Black "Ciuro Muñoz, Ricardo"]
[Result "1/2-1/2"]
[WhiteElo "2174"]
[BlackElo "2138"]
[PlyCount "132"]
[EventDate "2010.01.11"]
[EventType "swiss"]
[EventRounds "9"]
[EventCountry "ESP"]
[Source "lmi"]
[SourceDate "2010.01.11"]

1. e4 e6 2. d4 d5 3. Nc3 Bb4 4. Bd2 dxe4 5. Qg4 Qxd4 6. O-O-O h5 7. Qg3 Bd6 8.
Bf4 h4 9. Rxd4 hxg3 10. fxg3 e5 11. Rxe4 f6 12. Bc4 Ne7 13. Bd2 Nf5 14. Nh3 Nc6
15. Ree1 Nfe7 16. Nf2 Bd7 17. g4 O-O-O 18. h3 Bb4 19. Bd3 Be6 20. a3 Bxc3 21.
Bxc3 Bd5 22. Rhg1 Bf7 23. g5 Bg6 24. gxf6 gxf6 25. Bc4 Nd4 26. Ng4 b5 27. Bxd4
bxc4 28. Bxa7 Nd5 29. Rgf1 Rd6 30. Rd1 Bh5 31. Bc5 Bxg4 32. hxg4 Rd7 33. g5
fxg5 34. Rf5 c3 35. Rxe5 cxb2+ 36. Kxb2 c6 37. Rd3 Rg8 38. Rg3 g4 39. Re4 Rdg7
40. c4 Nc7 41. Bd6 Ne8 42. Be5 Rg6 43. Rb3 Rf8 44. Rb8+ Kd7 45. Rb7+ Kc8 46.
Rb8+ Kd7 47. Bf4 Nd6 48. Rxf8 Nxe4 49. g3 c5 50. Rf7+ Kc6 51. Re7 Nd6 52. Kb3
Nf5 53. Re8 Nd4+ 54. Kc3 Ne6 55. Be3 Kd7 56. Ra8 Rf6 57. Ra7+ Kd6 58. Ra6+ Kd7
59. Bf4 Rf5 60. Rd6+ Ke7 61. Rc6 Nxf4 62. gxf4 Kf7 63. Kd3 g3 64. Ke3 g2 65.
Kf2 Rxf4+ 66. Kxg2 Rxc4 1/2-1/2

[Event "Madrid ch 2009/10 Semifinal A"]
[Site "Madrid ESP"]
[Date "2010.01.18"]
[Round "4.4"]
[White "Coleto Calderon, Jose Antonio"]
[Black "Rodriguez De Castro, Ayar"]
[Result "1/2-1/2"]
[WhiteElo "2114"]
[BlackElo "2113"]
[PlyCount "66"]
[EventDate "2010.01.11"]
[EventType "swiss"]
[EventRounds "9"]
[EventCountry "ESP"]
[Source "lmi"]
[SourceDate "2010.01.11"]

1. e4 e6 2. d4 d5 3. Nc3 Nf6 4. Bg5 Bb4 5. e5 h6 6. Bd2 Bxc3 7. Bxc3 Ne4 8. Bb4
c5 9. Bxc5 Nxc5 10. dxc5 Nd7 11. Nf3 Qa5+ 12. c3 Qxc5 13. Qd4 b6 14. Bd3 a5 15.
O-O Ba6 16. Bxa6 Rxa6 17. Qg4 O-O 18. Rfe1 Qc7 19. Rad1 b5 20. Re3 Rb6 21. Nd4
b4 22. f4 Kh7 23. Rg3 Rg8 24. Nf3 g6 25. Rh3 Kg7 26. Nd4 bxc3 27. bxc3 Qd8 28.
Re1 Kh7 29. Nf3 Kg7 30. Nd4 Kh7 31. Nf3 Kg7 32. Nd4 Kh7 33. Nf3 Kg7 1/2-1/2

[Event "Madrid ch 2009/10 Semifinal A"]
[Site "Madrid ESP"]
[Date "2010.01.18"]
[Round "4.5"]
[White "Vazquez Gonzalez, Jesus"]
[Black "Lopez De Turiso Sanchez, Jose A"]
[Result "1-0"]
[WhiteElo "2050"]
[BlackElo "2106"]
[PlyCount "77"]
[EventDate "2010.01.11"]
[EventType "swiss"]
[EventRounds "9"]
[EventCountry "ESP"]
[Source "lmi"]
[SourceDate "2010.01.11"]

1. e4 e5 2. Nc3 Nc6 3. Bc4 Nf6 4. d3 Bb4 5. f4 d5 6. exd5 Nxd5 7. Nge2 O-O 8.
O-O Bc5+ 9. Kh1 Ne3 10. Bxe3 Bxe3 11. Nd5 exf4 12. Nexf4 Bxf4 13. Rxf4 Ne5 14.
Qh5 Ng6 15. Rf3 Be6 16. Raf1 c6 17. Ne3 Bxc4 18. dxc4 Qh4 19. Qc5 b6 20. Qa3 f6
21. c5 Ne5 22. Qb3+ Kh8 23. Rf4 Qh5 24. cxb6 axb6 25. Qxb6 Rxa2 26. Qc5 Rfa8
27. g4 Qh3 28. g5 Ra1 29. gxf6 Rxf1+ 30. Nxf1 gxf6 31. Rxf6 Rg8 32. Rf2 Qh5 33.
Qc3 Qg5 34. Ng3 Re8 35. Rf5 Qg7 36. Nh5 Qc7 37. Nf6 Rf8 38. Rxe5 Rxf6 39. Re6
1-0

[Event "Madrid ch 2009/10 Semifinal A"]
[Site "Madrid ESP"]
[Date "2010.01.18"]
[Round "4.7"]
[White "Lopez-Andujar Ocaña, Antonio"]
[Black "Martin Rodriguez, Emilio"]
[Result "1-0"]
[WhiteElo "2083"]
[BlackElo "2113"]
[PlyCount "79"]
[EventDate "2010.01.11"]
[EventType "swiss"]
[EventRounds "9"]
[EventCountry "ESP"]
[Source "lmi"]
[SourceDate "2010.01.11"]

1. e4 e6 2. d4 d5 3. e5 c5 4. c3 Nc6 5. Nf3 Nge7 6. Na3 cxd4 7. cxd4 Nf5 8. Nc2
Qb6 9. Be2 Bd7 10. O-O Be7 11. a3 a5 12. a4 f6 13. g4 Nh6 14. exf6 Bf8 15. fxg7
Bxg7 16. Ne5 Nf7 17. Nxf7 Kxf7 18. Be3 Rag8 19. Kh1 Bf8 20. f4 Bd6 21. Bd3 Ke8
22. Qf3 Rf8 23. Qe2 Kd8 24. h3 Qc7 25. Qd2 Kc8 26. Na3 Qb6 27. Nb5 Bb4 28. Qh2
Kd8 29. f5 exf5 30. Bf4 Kc8 31. Bc7 Qa6 32. gxf5 Nxd4 33. Be5 Nxb5 34. axb5 Qh6
35. Rac1+ Kd8 36. Bxh8 Rxh8 37. Qc7+ Ke8 38. Rce1+ Be7 39. Rxe7+ Kxe7 40. Re1+
1-0

[Event "Madrid ch 2009/10 Semifinal A"]
[Site "Madrid ESP"]
[Date "2010.01.18"]
[Round "4.8"]
[White "Pastor Alonso De Prado, Emilio A"]
[Black "Fuentes Arjona, Antonio"]
[Result "1-0"]
[WhiteElo "2205"]
[BlackElo "2041"]
[PlyCount "71"]
[EventDate "2010.01.11"]
[EventType "swiss"]
[EventRounds "9"]
[EventCountry "ESP"]
[Source "lmi"]
[SourceDate "2010.01.11"]

1. e4 c5 2. c3 d5 3. exd5 Qxd5 4. d4 Nf6 5. Be3 cxd4 6. cxd4 e6 7. a3 Be7 8.
Nf3 O-O 9. Nc3 Qd8 10. Bd3 Nbd7 11. O-O b6 12. Rc1 Bb7 13. Qe2 a6 14. Rfd1 b5
15. Ne5 Nb6 16. Bg5 Nbd5 17. Ne4 Nxe4 18. Bxe7 Qxe7 19. Bxe4 Rac8 20. Nd3 Rxc1
21. Rxc1 Qg5 22. Rc5 Rd8 23. g3 f5 24. Bxd5 Bxd5 25. Nf4 Qf6 26. Nxd5 exd5 27.
Qe5 Qxe5 28. dxe5 g5 29. Kf1 f4 30. Ke2 Kf7 31. Kd3 fxg3 32. fxg3 d4 33. Rc6
Rd5 34. Ke4 d3 35. Kxd5 d2 36. Rf6+ 1-0

[Event "Madrid ch 2009/10 Semifinal A"]
[Site "Madrid ESP"]
[Date "2010.01.18"]
[Round "4.9"]
[White "Lorenzo Bailador, Alfredo"]
[Black "Salcedo Tornero, Pablo"]
[Result "0-1"]
[WhiteElo "2078"]
[BlackElo "2201"]
[PlyCount "96"]
[EventDate "2010.01.11"]
[EventType "swiss"]
[EventRounds "9"]
[EventCountry "ESP"]
[Source "lmi"]
[SourceDate "2010.01.11"]

1. e4 d6 2. d4 Nf6 3. Nc3 g6 4. f4 Bg7 5. Nf3 O-O 6. Bd3 Na6 7. O-O c5 8. d5
Qb6 9. Kh1 Bd7 10. Qe1 Rac8 11. a3 Ng4 12. Nd2 Qd8 13. Qe2 Nc7 14. a4 Nf6 15.
Nc4 Na6 16. Nb5 Nb4 17. Nc3 Bg4 18. Qe1 e6 19. dxe6 Bxe6 20. Ne3 Re8 21. Qd1
Bd7 22. Bb5 Bc6 23. Bxc6 bxc6 24. Nc4 Nxe4 25. Nxe4 Rxe4 26. c3 Rxc4 27. cxb4
Rxb4 28. f5 Be5 29. Ra3 Rh4 30. h3 Rb4 31. Raf3 Rc7 32. Qc2 Qh4 33. b3 Re7 34.
fxg6 hxg6 35. Bd2 Qe4 36. Qd1 Rd4 37. Qc1 Rd3 38. Re1 Qd5 39. Rxd3 Qxd3 40. Bg5
Re6 41. Re3 Qd4 42. Qe1 Qa1 43. Qxa1 Bxa1 44. Rd3 Re1+ 45. Kh2 Be5+ 46. g3 Re2+
47. Kh1 Kg7 48. Bd8 d5 0-1

[Event "Madrid ch 2009/10 Semifinal A"]
[Site "Madrid ESP"]
[Date "2010.01.18"]
[Round "4.10"]
[White "Tipter, Napoleon"]
[Black "Vazquez Gonzalez, Francisco"]
[Result "0-1"]
[WhiteElo "2052"]
[BlackElo "2088"]
[PlyCount "98"]
[EventDate "2010.01.11"]
[EventType "swiss"]
[EventRounds "9"]
[EventCountry "ESP"]
[Source "lmi"]
[SourceDate "2010.01.11"]

1. e4 e5 2. f4 exf4 3. Bc4 d6 4. c3 Nf6 5. d3 d5 6. exd5 Nxd5 7. Nf3 Qe7+ 8.
Qe2 Qxe2+ 9. Kxe2 Nb6 10. Bxf4 Nxc4 11. dxc4 Be6 12. b3 Na6 13. Nbd2 O-O-O 14.
Rad1 Bg4 15. b4 f6 16. Nb3 Re8+ 17. Kf2 g5 18. Be3 Bd6 19. c5 Be5 20. Bd4 Nb8
21. Bxe5 fxe5 22. h3 Bxf3 23. gxf3 Rhf8 24. Kg3 e4 25. fxe4 Rxe4 26. Rhe1 Ref4
27. Re3 h5 28. Rd2 Nd7 29. Nd4 g4 30. Rde2 h4+ 31. Kxh4 Nf6 32. Ne6 Rh8+ 33.
Kg5 Rf1 34. Nf4 gxh3 35. Rxh3 Rxh3 36. Nxh3 Nd5 37. Rc2 Rf3 38. Kg4 Rxc3 39.
Rxc3 Nxc3 40. Nf4 Kd7 41. Kf5 Kc6 42. Ke5 Nxa2 43. Nd5 Nxb4 44. Nxb4+ Kxc5 45.
Nc2 a5 46. Ke4 Kc4 47. Ke3 Kc3 48. Na3 c6 49. Ke2 Kb3 0-1

[Event "Madrid ch 2009/10 Semifinal A"]
[Site "Madrid ESP"]
[Date "2010.01.18"]
[Round "4.11"]
[White "Lopez Heras, Arturo"]
[Black "Caceres Rodriguez, Jose J"]
[Result "0-1"]
[WhiteElo "2005"]
[BlackElo "2010"]
[PlyCount "100"]
[EventDate "2010.01.11"]
[EventType "swiss"]
[EventRounds "9"]
[EventCountry "ESP"]
[Source "lmi"]
[SourceDate "2010.01.11"]

1. e4 e5 2. f4 exf4 3. Nf3 d5 4. exd5 Nf6 5. Bc4 Nxd5 6. Bxd5 Qxd5 7. Nc3 Qd8
8. d4 Bd6 9. Qe2+ Qe7 10. Qxe7+ Bxe7 11. Bxf4 c6 12. O-O Be6 13. d5 Bxd5 14.
Nxd5 cxd5 15. Rae1 Nc6 16. Bd6 Rd8 17. Bxe7 Nxe7 18. Ng5 Rd7 19. Rf3 O-O 20.
Ref1 Nc6 21. Ne6 Re8 22. Nc5 Rde7 23. Rd3 b6 24. Nb3 Re2 25. Rc3 Ne5 26. Rc7 a5
27. Nd4 Rd2 28. Nf5 Rf8 29. Nd6 g6 30. Nc8 Nc4 31. Re1 Kg7 32. b3 Na3 33. Nxb6
Rxc2 34. Rxc2 Nxc2 35. Re2 Nb4 36. a3 Nc6 37. Nxd5 Rb8 38. Rb2 Nd4 39. b4 axb4
40. Rxb4 Rxb4 41. axb4 f5 42. Kf2 Nb5 43. Ke3 Kf7 44. Kd3 Ke6 45. Kc4 Nd6+ 46.
Kc5 Nb7+ 47. Kc6 Nd8+ 48. Kc7 Kxd5 49. Kxd8 g5 50. Ke7 f4 0-1

[Event "Madrid ch 2009/10 Semifinal A"]
[Site "Madrid ESP"]
[Date "2010.01.18"]
[Round "4.12"]
[White "Canseco Arenas, Alfonso"]
[Black "Martin Martin, Luis Vicente"]
[Result "1-0"]
[WhiteElo "1826"]
[BlackElo "2061"]
[PlyCount "76"]
[EventDate "2010.01.11"]
[EventType "swiss"]
[EventRounds "9"]
[EventCountry "ESP"]
[Source "lmi"]
[SourceDate "2010.01.11"]

1. e4 e6 2. d3 d5 3. exd5 exd5 4. Nf3 Bg4 5. Be2 Bd6 6. O-O Nc6 7. Nc3 Nge7 8.
Nb5 Bc5 9. d4 Bb6 10. c3 a6 11. Na3 O-O 12. b4 Qd6 13. Nc2 Ng6 14. g3 Rfe8 15.
Ne3 Bh3 16. Re1 Rad8 17. a4 Nce7 18. Ng5 Bc8 19. Ba3 Qf6 20. h4 h6 21. Nf3 c6
22. h5 Nf8 23. b5 axb5 24. axb5 Nh7 25. bxc6 bxc6 26. Bd3 Ng5 27. Nxg5 Qxg5 28.
Bc1 Bc7 29. Ra7 Bd6 30. Nf5 Qf6 31. Nxd6 Rxd6 32. Ba3 Rd7 33. Qa4 Rxa7 34. Qxa7
Be6 35. Qc7 Nf5 36. Ba6 Rd8 37. Bd3 Rc8 38. Qb7 Qg5 1-0

[Event "Madrid ch 2009/10 Semifinal A"]
[Site "Madrid ESP"]
[Date "2010.01.19"]
[Round "5.1"]
[White "Ballesteros Gonzalez, David"]
[Black "Cabañas Jimenez, Andres"]
[Result "1/2-1/2"]
[WhiteElo "2227"]
[BlackElo "2174"]
[PlyCount "73"]
[EventDate "2010.01.11"]
[EventType "swiss"]
[EventRounds "9"]
[EventCountry "ESP"]
[Source "lmi"]
[SourceDate "2010.01.11"]

1. d4 Nf6 2. Nf3 g6 3. Nbd2 d5 4. c4 Bg7 5. g3 O-O 6. Bg2 c5 7. dxc5 Qa5 8. O-O
dxc4 9. Nxc4 Qxc5 10. Nfe5 Nbd7 11. Be3 Qb5 12. a4 Qb4 13. a5 Nxe5 14. Nxe5 Bf5
15. a6 Rad8 16. Qa4 Qxa4 17. Rxa4 Nd5 18. Bxd5 Rxd5 19. f4 Bxe5 20. fxe5 bxa6
21. Bh6 Rc8 22. e4 Bd7 23. Rxa6 Rxe5 24. Rxa7 Bh3 25. Re1 f5 26. Bf4 Rxe4 27.
Rxe4 fxe4 28. Rxe7 Rc2 29. Rxe4 Rg2+ 30. Kh1 Rxb2 31. Re1 h5 32. Kg1 Rg2+ 33.
Kh1 Ra2 34. Kg1 Kf7 35. Bg5 Rg2+ 36. Kh1 Rf2 37. Kg1 1/2-1/2

[Event "Madrid ch 2009/10 Semifinal A"]
[Site "Madrid ESP"]
[Date "2010.01.19"]
[Round "5.3"]
[White "Rodriguez De Castro, Ayar"]
[Black "Rodriguez Yuste, Marcelo"]
[Result "1/2-1/2"]
[WhiteElo "2113"]
[BlackElo "2227"]
[PlyCount "116"]
[EventDate "2010.01.11"]
[EventType "swiss"]
[EventRounds "9"]
[EventCountry "ESP"]
[Source "lmi"]
[SourceDate "2010.01.11"]

1. d4 d5 2. c4 e6 3. Nf3 f5 4. g3 Nf6 5. Bg2 c6 6. b3 Bd6 7. O-O O-O 8. Ba3
Bxa3 9. Nxa3 Nbd7 10. e3 Qe7 11. Qc1 Ne4 12. Nc2 b6 13. Nce1 a5 14. Nd3 Ba6 15.
Nfe5 Rac8 16. Rd1 Nef6 17. Qd2 Rfd8 18. Rac1 Nxe5 19. Nxe5 Bb7 20. c5 Qc7 21.
cxb6 Qxb6 22. Rc5 Ra8 23. Qc2 Rdc8 24. Rc1 a4 25. Nxc6 Bxc6 26. Rxc6 Rxc6 27.
Qxc6 Qxc6 28. Rxc6 axb3 29. axb3 Ra1+ 30. Bf1 Ne4 31. Rc2 Rb1 32. f3 Ng5 33.
Kf2 Nxf3 34. Bd3 Rxb3 35. Rc8+ Kf7 36. Bc2 Nxd4 37. exd4 Ra3 38. Rc6 h6 39. h4
g5 40. h5 g4 41. Bd1 Rd3 42. Rc7+ Kf6 43. Be2 Rxd4 44. Rh7 Re4 45. Rxh6+ Kg5
46. Rh8 d4 47. h6 Re3 48. Rd8 Kxh6 49. Rxd4 Re5 50. Rd6 Kg5 51. Bc4 Kf6 52. Rc6
Re4 53. Ba2 Ke7 54. Rb6 Kd7 55. Bb3 Ke7 56. Ba2 Kf7 57. Bb3 Kf6 58. Ba2 Ke7
1/2-1/2

[Event "Madrid ch 2009/10 Semifinal A"]
[Site "Madrid ESP"]
[Date "2010.01.19"]
[Round "5.4"]
[White "Ciuro Muñoz, Ricardo"]
[Black "Lopez-Andujar Ocaña, Antonio"]
[Result "1-0"]
[WhiteElo "2138"]
[BlackElo "2083"]
[PlyCount "91"]
[EventDate "2010.01.11"]
[EventType "swiss"]
[EventRounds "9"]
[EventCountry "ESP"]
[Source "lmi"]
[SourceDate "2010.01.11"]

1. e4 e5 2. Nf3 Nc6 3. Bb5 a6 4. Ba4 Nf6 5. O-O b5 6. Bb3 Bc5 7. c3 d6 8. d4
Bb6 9. dxe5 Nxe5 10. Nxe5 dxe5 11. Qxd8+ Kxd8 12. Bg5 Ke7 13. Nd2 h6 14. Bh4 c6
15. Nf3 Bc7 16. Nxe5 Bxe5 17. f4 Bxf4 18. Bxf6+ gxf6 19. Rxf4 Rg8 20. Raf1 Bh3
21. R1f2 Rad8 22. e5 f5 23. Rh4 Bg4 24. Rxh6 Bd1 25. g3 Rg6 26. Rh4 Bxb3 27.
axb3 Ke6 28. Rh5 f6 29. exf6 Rxf6 30. b4 Rg8 31. Rh4 Ra8 32. Rhf4 Rg8 33. b3
Rgf8 34. Ra2 Ra8 35. Kg2 Rd8 36. Rxa6 Rd2+ 37. Rf2 Rxf2+ 38. Kxf2 Kd5 39. Kf3
Rf8 40. Kf4 Rh8 41. c4+ bxc4 42. bxc4+ Kxc4 43. Rxc6+ Kxb4 44. Rc2 Rh5 45. h4
Kb5 46. Re2 1-0

[Event "Madrid ch 2009/10 Semifinal A"]
[Site "Madrid ESP"]
[Date "2010.01.19"]
[Round "5.5"]
[White "Perez Cameselle, Francisco"]
[Black "Coleto Calderon, Jose Antonio"]
[Result "0-1"]
[WhiteElo "1944"]
[BlackElo "2114"]
[PlyCount "82"]
[EventDate "2010.01.11"]
[EventType "swiss"]
[EventRounds "9"]
[EventCountry "ESP"]
[Source "lmi"]
[SourceDate "2010.01.11"]

1. Nf3 d5 2. g3 c6 3. Bg2 e6 4. O-O f5 5. d3 Nf6 6. Nbd2 Bd6 7. Qe1 e5 8. e4
fxe4 9. dxe4 Qe7 10. Qe2 Bg4 11. exd5 cxd5 12. Qb5+ Qd7 13. Qb3 Nc6 14. Re1
O-O-O 15. c3 e4 16. Nd4 Nxd4 17. cxd4 Kb8 18. f3 Bf5 19. fxe4 dxe4 20. Nf1 Bc7
21. Be3 Rhe8 22. a4 Ng4 23. Red1 Be6 24. Qc3 Bd5 25. a5 a6 26. b4 Rc8 27. Qd2
Rf8 28. b5 Qxb5 29. Rdb1 Qd7 30. h3 Nf6 31. Bf4 Nh5 32. Bxc7+ Qxc7 33. Qe2 Nxg3
34. Qxa6 Nxf1 35. Bxf1 Qg3+ 36. Bg2 e3 37. Ra2 Rc7 38. Rab2 Rf2 39. Rxb7+ Kc8
40. Rb8+ Kd7 41. Qb5+ Bc6 0-1